zpět

Detail výsledku týmu

Suzie's, Brno

Datum a čas kvízu

34.5 Celkem bodů Celkový počet nahraných bodů na tomto kvízu bez doplňovacích otázek.
4. Pořadí na kvízu Konečné umístění týmu na tomto kvízu.

Zaznamenané odpovědi

# Otázka Odpověď Body Výsledky
1. Ve středu jsme si prostřednict... B) beze spěchu 0
2. Aprílové žerty jsou populární... Volkswagen 1
3. Švédská společnost Pophouse mi... Kiss 1
4. Český ministr zemědělství naří... sbírat lesní klest 0
5. Německý fotbalový svaz bude mu... čísla 44 0
6. Nobelovu cenu za objev krevníc... Jan Janský 1
7. Ve kterém orgánu lidského těla... ve slezině 1
8. Vyberte pravdivé tvrzení: D 1
9. Hemofilie je geneticky podmíně... Alexej; chromozom X 0.5
10. Někteří bezobratlí živočichové... hemolymfa; krvomíza 1